| 000 | 00782cam a2200265 a 4500 | ||
|---|---|---|---|
| 001 | 146258 | ||
| 003 | OSt | ||
| 005 | 20180921 | ||
| 008 | 0000002007 AD 0000000000 00 | ||
| 110 | _aOrganización Mundial de la Salud. OMS | ||
| 245 |
_aReseña del año 2006 / _cOMS |
||
| 260 |
_a[s. n.] : _bOMS |
||
| 300 | _a37 p. | ||
| 650 | _aSalud mundial, 2006 | ||
| 040 |
_aDLC _cDLC |
||
| 942 |
_2ddc _cBK |
||
| 999 |
_c146258 _d14625800 |
||